000 00709pam a2200229 a 4500
001 3889378
005 20180131074706.0
008 900430s1991 njua b 001 0 eng
010 _a 90037870
020 _a0136514804 (pbk.)
040 _aDLC
_cDLC
_dDLC
041 _aeng
080 _a005.26 COK
082 0 0 _a005.26 COK
_220
100 1 _a28
101 _aSHK
245 1 0 _aParallel programs for the transputer /
_cRonald S. Cok.
504 _aIncludes bibliographical references (p. 227-229) and index.
906 _a7
_bcbc
_corignew
_d1
_eocip
_f19
_gy-gencatlg
942 _2ddc
_cBK
999 _c41389
_d41389